| 000 | 00306nmm a2200097Ia 4500 | ||
|---|---|---|---|
| 008 | 220120s9999||||xx |||||||||||||||||und|| | ||
| 020 | _a978-0-07-060092-8 | ||
| 100 |
_aIndustrial Product Finder _911307 |
||
| 245 | 0 | _aIndustrial product finder annual 2012 | |
| 260 |
_aIndustrial prodoct finder _bNew Delhi _c2012 |
||
| 999 |
_c139995 _d139995 |
||